NR latex gloves: A safer bet in food service industry (Record no. 50832)

MARC details
000 -LEADER
fixed length control field 00333nam a2200133Ia 4500
100 ## - MAIN ENTRY--AUTHOR NAME
Personal name Rajammal G
245 #0 - TITLE STATEMENT
Title NR latex gloves: A safer bet in food service industry
260 ## - PUBLICATION, DISTRIBUTION, ETC. (IMPRINT)
Name of publisher Rubber Asia
Year of publication 2006
300 ## - PHYSICAL DESCRIPTION
Number of Pages 51-52
650 ## - SUBJECT ADDED ENTRY--TOPICAL TERM
Topical Term Gloves
650 ## - SUBJECT ADDED ENTRY--TOPICAL TERM
Topical Term Latex allergy
942 ## - ADDED ENTRY ELEMENTS (KOHA)
Koha item type Bibliography STAF
Holdings
Withdrawn status Lost status Damaged status Not for loan Home library Current library Shelving location Date acquired Serial Enumeration / chronology Koha item type
      Bibliography RRII Library RRII Library Rubber chemistry 09/04/2014 Volume 20, Issue 2 Bibliography STAF